Sports Quiz

Random Sports or World Quiz
Score 0/25 Timer 07:00
0 Plays Today
Market value Player % Correct
£162mKylian Mbappe
99.3%
£105mJadon Sancho
93.9%
£72mErling Haaland
91.9%
£72mAnsu Fati
90.5%
£99mTrent Alexander-Arnold
90.2%
£72mJoao Felix
86.8%
£72mMarcus Rashford
82%
£72mAlphonso Davies
76.9%
£72mKai Havertz
74.6%
£45mMason Greenwood
74%
£63mLautaro Martinez
64.1%
£63mFrenkie de Jong
61.1%
£54mPhil Foden
59.5%
Market value Player % Correct
£54mChristian Pulisic
59.5%
£63mFederico Valverde
59.2%
£54mRicharlison
58.5%
£54mGabriel Jesus
58.1%
£50mDeclan Rice
57.8%
£63mMatthijs de Ligt
54.2%
£45mEduardo Camavinga
47.7%
£54mDayot Upamecano
38.3%
£54mGianluigi Donnarumma
34.9%
£54mMikel Oyarzabal
31.1%
£45mVictor Osimhen
21.8%
£45mRenan Lodi
18.3%
Remove Ads.
Support Sporcle.
Get the best of Sporcle when you Go Orange. This ad-free experience offers more features, more stats, and more fun while also helping to support Sporcle. Thank you for becoming a member.

You're not logged in!

Compare scores with friends on all Sporcle quizzes.
OR
Log In

Show Comments

Extras

Top Quizzes Today


Score Distribution

Your Account Isn't Verified!

In order to create a playlist on Sporcle, you need to verify the email address you used during registration. Go to your Sporcle Settings to finish the process.

Report this User

Report this user for behavior that violates our Community Guidelines.

Details: